Pedro Sánchez / (Registro nro. 161732)
[ vista simple ]
| 000 -LEADER | |
|---|---|
| campo de control de longitud fija | 01059cam a2200301 i 4500 |
| 001 - NÚMERO DE CONTROL | |
| campo de control | 161732 |
| 003 - IDENTIFICADOR DE NÚMERO DE CONTROL | |
| campo de control | SpMaBN |
| 005 - FECHA Y HORA DE LA ÚLTIMA TRANSACCIÓN | |
| campo de control | 20240522063058.0 |
| 008 - DATOS DE LONGITUD FIJA--INFORMACIÓN GENERAL | |
| campo de control de longitud fija | 240520s1891 sp | |||| 000 f spa |
| 035 ## - NÚMERO DE CONTROL DEL SISTEMA | |
| Número de control de sistema | (OCoLC)868830883 |
| 035 ## - NÚMERO DE CONTROL DEL SISTEMA | |
| Número de control de sistema | a4856844 |
| 040 ## - FUENTE DE CATALOGACIÓN | |
| Centro catalogador/agencia de origen | SpMaBN |
| Lengua de catalogación | spa |
| Centro/agencia transcriptor | SpMaBN |
| Normas de descripción | rdc |
| Centro/agencia modificador | ES-MaACL |
| 080 ## - NÚMERO DE LA CLASIFICACIÓN DECIMAL UNIVERSAL | |
| Número de la Clasificación Decimal Universal | 821.134.2-31"18" |
| 080 ## - NÚMERO DE LA CLASIFICACIÓN DECIMAL UNIVERSAL | |
| Número de la Clasificación Decimal Universal | 821.134.2-3 |
| Identificador de la edición | summary |
| 100 1# - ENTRADA PRINCIPAL--NOMBRE DE PERSONA | |
| Nombre de persona | Pereda, José María de, |
| Fechas asociadas al nombre | 1833-1906 |
| Número de control del registro de autoridad o número normalizado | XX982332 |
| 9 (RLIN) | 90447 |
| 245 10 - MENCIÓN DEL TÍTULO | |
| Título | Pedro Sánchez / |
| Mención de responsabilidad, etc. | D. José M. de Pereda. |
| 260 ## - PUBLICACIÓN, DISTRIBUCIÓN, ETC. | |
| Lugar de publicación, distribución, etc. | [S.l.] : |
| Nombre del editor, distribuidor, etc. | [s.n.], |
| Fecha de publicación, distribución, etc. | 1891. |
| Lugar de fabricación/manufactura | (Madrid : |
| Fabricante | Imp. y Fundición de Tello) |
| 300 ## - DESCRIPCIÓN FÍSICA | |
| Extensión | 545 p. ; |
| Dimensiones | 17 cm |
| 336 ## - TIPO DE CONTENIDO | |
| Término de tipo de contenido | Texto (visual) |
| 337 ## - TIPO DE MEDIO | |
| Nombre/término del tipo de medio | sin mediación |
| 490 1# - MENCIÓN DE SERIE | |
| Mención de serie | Obras completas ; |
| Designación de volumen o secuencia | t. 13 |
| 800 ## - PUNTO DE ACCESO ADICIONAL DE SERIE--NOMBRE DE PERSONA | |
| Nombre de persona | Pereda, José María de, |
| Fechas asociadas al nombre | 1833-1906. |
| Título de la obra | Obras ; |
| Designación de volumen o secuencia | 13 |
| 9 (RLIN) | 236483 |
| 852 ## - LOCALIZACIÓN | |
| Ubicación | ES-MaACL |
| Número de control de estantería | B-3700 |
| itemnumber | 167801 |
| Ubicación en estantería | Sala Pardo Bazán |
| 856 41 - LOCALIZACIÓN Y ACCESO ELECTRÓNICOS | |
| Identificador Uniforme de Recursos | <a href="http://bdh-rd.bne.es/viewer.vm?id=0000201951&page=1">http://bdh-rd.bne.es/viewer.vm?id=0000201951&page=1</a> |
| Texto de enlace | Versión en línea |
| Nota pública | Biblioteca Digital Hispánica |
| 942 ## - ELEMENTOS DE ENTRADA SECUNDARIOS (KOHA) | |
| Tipo de ítem Koha | Libro impreso |
| Estatus retirado | Estado de pérdida | Fuente del sistema de clasificación o colocación | Estado de daño | No para préstamo | Colección | Biblioteca de origen | Biblioteca actual | Ubicación en estantería | Fecha de adquisición | Total de préstamos | Signatura topográfica completa | Código de barras | Visto por última vez | Precio de reemplazo | Tipo de ítem Koha |
|---|---|---|---|---|---|---|---|---|---|---|---|---|---|---|---|
| Clasificación decimal universal | Libros del s. XIX | Biblioteca del Ateneo de Madrid | Biblioteca del Ateneo de Madrid | Sala Pardo Bazán | 17/01/2008 | B-3700 | 1169415 | 23/02/2023 | 23/02/2023 | Libro impreso antiguo |
